Statystyki dla Podaj słowa, które zaczynają się na „tele-„:

Kliknij tutaj aby rozwiązać quiz!

Ogólne statystyki

  • Ten quiz został rozwiązany 31 razy
  • Średni wynik to 3 z 6

Statystyki odpowiedzi

Odpowiedź% Poprawnych
telefon
100%
telewizor
86%
telegram
45%
teleskop
45%
teleturniej
45%
telenowela
24%

Rozkład punktacji

Percentyl według liczby udzielonych odpowiedzi

Procent ludzi z każdym wynikiem

Twoja historia wyników

Nie rozwiązałeś tego quizu